| 000 | 00726nam a22002177a 4500 | ||
|---|---|---|---|
| 003 | OSt | ||
| 005 | 20250829084649.0 | ||
| 008 | 250829b |||||||| |||| 00| 0 eng d | ||
| 020 | _a78-981-31-3318-1 | ||
| 040 |
_aDWC-Main Lib _cOC |
||
| 082 | _aCirc. 636 D154i 2018 | ||
| 100 | _aDamron, Stephen | ||
| 245 |
_aIntroduction to animal science : _bglobal, biological, social and industry perspectives/ _cStephen Damron |
||
| 250 | _aSixth edition | ||
| 260 |
_aSingapore : _bPearson Education, Inc., _cc2018. |
||
| 300 |
_axix, 684 pages : _billustrations ; _c28cm. |
||
| 504 | _aIncludes glossary and index. | ||
| 650 | _a1. Animal Industry. | ||
| 650 | _a2. Livestock. | ||
| 942 |
_2ddc _cBK-CIRC _eSixth edition _kCirc. _n0 |
||
| 999 |
_c4370 _d4370 |
||